Design of magnetic components for switched mode power converters (Record no. 10459)

MARC details
000 -LEADER
fixed length control field 00643nam a2200205Ia 4500
003 - CONTROL NUMBER IDENTIFIER
control field IN-BaIIA
008 - FIXED-LENGTH DATA ELEMENTS--GENERAL INFORMATION
fixed length control field 211028s9999 xx 000 0 eng d
020 ## - INTERNATIONAL STANDARD BOOK NUMBER
International Standard Book Number 81-224-0339-5
040 ## - CATALOGING SOURCE
Transcribing agency IIA Library
080 ## - UNIVERSAL DECIMAL CLASSIFICATION NUMBER
Universal Decimal Classification number 621.317
Item number UMA
100 ## - MAIN ENTRY--PERSONAL NAME
Personal name Umanand, L.
9 (RLIN) 17784
245 #0 - TITLE STATEMENT
Title Design of magnetic components for switched mode power converters
Statement of responsibility, etc. L. Umanand and S. R. Bhat
260 ## - PUBLICATION, DISTRIBUTION, ETC.
Place of publication, distribution, etc. New Delhi
Name of publisher, distributor, etc. Wiley Eastern
Date of publication, distribution, etc. 1992
300 ## - PHYSICAL DESCRIPTION
Extent vii, 148p.
650 ## - SUBJECT ADDED ENTRY--TOPICAL TERM
Topical term or geographic name entry element NASA Thesaurus
650 ## - SUBJECT ADDED ENTRY--TOPICAL TERM
Topical term or geographic name entry element Power converters
9 (RLIN) 17785
650 ## - SUBJECT ADDED ENTRY--TOPICAL TERM
Topical term or geographic name entry element Torque converters
9 (RLIN) 17786
700 ## - ADDED ENTRY--PERSONAL NAME
Personal name Bhat, S. R.
9 (RLIN) 17787
942 ## - ADDED ENTRY ELEMENTS (KOHA)
Koha item type Books
Holdings
Withdrawn status Lost status Damaged status Not for loan Home library Current library Shelving location Date acquired Cost, normal purchase price Total Checkouts Full call number Barcode Date last seen Cost, replacement price Price effective from Koha item type Purchase Price
        IIA Library-Bangalore IIA Library-Bangalore General Stacks 09/10/1992 52.50   621.317/ UMA 11369 05/11/2021 52.50 09/10/1992 Books Rs. 52.50

Powered by Koha